[Event "16. Obert Int. Sant Martí 2014 Grupo B"]
[Site "Barcelona ESP"]
[Date "2014.07.21"]
[Round "9.39"]
[White "Clifford, Neil"]
[Black "Pascual Gonzalez-Novelles, David"]
[Result "1-0"]
[WhiteElo "1923"]
[BlackElo "1855"]
[PlyCount "91"]
[EventDate "2014.07.13"]
[EventType "swiss"]
[EventRounds "9"]
[EventCountry "ESP"]
[Source "lmi"]
[SourceDate "2014.07.13"]

1. e4 e5 2. Nc3 Nf6 3. f4 exf4 4. e5 Ng8 5. Nf3 Be7 6. Bc4 Bh4+ 7. Kf1 h6 8. d4
d6 9. exd6 cxd6 10. Qe2+ Be7 11. Bxf4 Nf6 12. Re1 a6 13. Ne4 O-O 14. Bd3 d5 15.
Nxf6+ Bxf6 16. Qd2 Bg4 17. Ne5 Bxe5 18. Bxe5 Nd7 19. Qf4 Nxe5 20. Rxe5 f6 21.
Re1 Qd7 22. h3 f5 23. Re5 Qc7 24. Kf2 Rae8 25. Rhe1 Rxe5 26. Qxe5 Qxe5 27. Rxe5
Bh5 28. Rxf5 Be8 29. Kf3 Rxf5+ 30. Bxf5 Kf7 31. Kf4 Kf6 32. Bg4 h5 33. Bf3 Bf7
34. Ke3 b5 35. c3 a5 36. Bd1 h4 37. a4 bxa4 38. Bxa4 Bg6 39. b4 axb4 40. cxb4
Bf5 41. Bd1 Bd7 42. Be2 Bc6 43. b5 Bb7 44. Bg4 g5 45. Kf3 Ke7 46. Bf5 1-0

[Event "16. Obert Int. Sant Martí 2014 Grupo B"]
[Site "Barcelona ESP"]
[Date "2014.07.21"]
[Round "9.40"]
[White "Subirana Santos, Marc"]
[Black "Sanchez Coves, Joan Josep"]
[Result "1-0"]
[WhiteElo "1912"]
[BlackElo "1842"]
[PlyCount "105"]
[EventDate "2014.07.13"]
[EventType "swiss"]
[EventRounds "9"]
[EventCountry "ESP"]
[Source "lmi"]
[SourceDate "2014.07.13"]

1. c4 Nf6 2. g3 g6 3. Bg2 c6 4. Nc3 Bg7 5. Nf3 d6 6. d3 O-O 7. O-O Nbd7 8. Rb1
e5 9. e4 Re8 10. b4 Nf8 11. h3 h5 12. b5 Bd7 13. Bd2 Qc8 14. Kh2 Ne6 15. a4 Nh7
16. Nh4 Neg5 17. f4 exf4 18. Rxf4 Nxh3 19. Rf1 Bg4 20. Qb3 Qc7 21. Bxh3 Bf6 22.
Bxg4 hxg4 23. Ne2 Qe7 24. Ng2 Qe5 25. Ngf4 Qg5 26. Rh1 Be5 27. Kg2 Qf6 28. Bc3
Ng5 29. Rbf1 Qe7 30. c5 Nf3 31. Nxg6 Qe6 32. Qxe6 fxe6 33. Nxe5 dxe5 34. Rh5
Rad8 35. Bxe5 Rxd3 36. Rh8+ Kf7 37. Rxe8 Kxe8 38. Bf4 cxb5 39. axb5 Kd7 40. Rc1
e5 41. Bh6 Rb3 42. c6+ bxc6 43. bxc6+ Kc7 44. Bg7 a5 45. Kf2 a4 46. Ra1 a3 47.
Bf8 Kxc6 48. Rxa3 Rb2 49. Rc3+ Kd7 50. Ba3 Ra2 51. Bb4 Nd2 52. Re3 Nc4 53. Rd3+
1-0

[Event "16. Obert Int. Sant Martí 2014 Grupo B"]
[Site "Barcelona ESP"]
[Date "2014.07.21"]
[Round "9.41"]
[White "Serra Vilaro, Agusti"]
[Black "Ferre Navarro, Joan"]
[Result "1-0"]
[WhiteElo "2013"]
[BlackElo "1846"]
[PlyCount "55"]
[EventDate "2014.07.13"]
[EventType "swiss"]
[EventRounds "9"]
[EventCountry "ESP"]
[Source "lmi"]
[SourceDate "2014.07.13"]

1. d4 d5 2. e3 Nf6 3. Bd3 e6 4. Nd2 c5 5. c3 Nc6 6. f4 b6 7. Ngf3 Bd6 8. Ne5
Bxe5 9. fxe5 Nd7 10. O-O Nf8 11. Qh5 Ng6 12. Nf3 Nce7 13. Ng5 Nf5 14. g4 Nh6
15. Nxh7 Qh4 16. Qxh4 Nxh4 17. Ng5 c4 18. Be2 Ke7 19. b3 b5 20. Ba3+ Ke8 21.
Rf2 Rb8 22. Raf1 Rb7 23. bxc4 bxc4 24. Bd1 f5 25. exf6 gxf6 26. Rxf6 Ng8 27.
Rf8+ Kd7 28. R1f7+ 1-0

[Event "16. Obert Int. Sant Martí 2014 Grupo B"]
[Site "Barcelona ESP"]
[Date "2014.07.21"]
[Round "9.42"]
[White "Pujal Moncho, Joaquim"]
[Black "Rius Riu, Gerard"]
[Result "1-0"]
[WhiteElo "1997"]
[BlackElo "1846"]
[PlyCount "65"]
[EventDate "2014.07.13"]
[EventType "swiss"]
[EventRounds "9"]
[EventCountry "ESP"]
[Source "lmi"]
[SourceDate "2014.07.13"]

1. c4 e5 2. e4 Nc6 3. Nc3 Nge7 4. d3 g6 5. g3 Bg7 6. Bg2 d6 7. Nge2 O-O 8. O-O
f5 9. f4 Be6 10. Rb1 Rb8 11. b4 Qd7 12. Be3 fxe4 13. Nxe4 d5 14. Nc5 Qc8 15.
Nxe6 Qxe6 16. cxd5 Nxd5 17. Qb3 Rbd8 18. Nc3 Nce7 19. Bc5 c6 20. Rbe1 Rf7 21.
d4 g5 22. Bxe7 Rxe7 23. Nxd5 cxd5 24. fxe5 Rc7 25. Rc1 Rxc1 26. Rxc1 b6 27. Qf3
h6 28. g4 Rd7 29. Rc8+ Kh7 30. Qf5+ Qg6 31. Qxd7 Qb1+ 32. Bf1 Qe4 33. Qf5+ 1-0

[Event "16. Obert Int. Sant Martí 2014 Grupo B"]
[Site "Barcelona ESP"]
[Date "2014.07.21"]
[Round "9.43"]
[White "Tortosa Moros, Joan"]
[Black "Recacha Limeres, Sergi"]
[Result "1-0"]
[WhiteElo "1941"]
[BlackElo "1839"]
[PlyCount "67"]
[EventDate "2014.07.13"]
[EventType "swiss"]
[EventRounds "9"]
[EventCountry "ESP"]
[Source "lmi"]
[SourceDate "2014.07.13"]

1. e4 e6 2. d4 d5 3. Nc3 Bb4 4. e5 c5 5. a3 Bxc3+ 6. bxc3 Ne7 7. Qg4 Qc7 8.
Qxg7 Rg8 9. Qxh7 cxd4 10. Ne2 Nbc6 11. Qd3 Bd7 12. cxd4 O-O-O 13. g3 Kb8 14.
Bg2 Nf5 15. O-O Rg4 16. c3 Rh8 17. h3 Rg6 18. Nf4 Rxg3 19. fxg3 Nxe5 20. dxe5
Qc5+ 21. Rf2 Bb5 22. Qf3 Rg8 23. g4 Nh4 24. Qe3 Qc6 25. Nh5 Nxg2 26. Rxg2 Qc4
27. Bd2 Bc6 28. Qd4 Qb3 29. Qb4 Qc2 30. Nf6 Rd8 31. Be3 Qd3 32. Qd4 Qb5 33.
Qxa7+ Kc8 34. Bb6 1-0

[Event "16. Obert Int. Sant Martí 2014 Grupo B"]
[Site "Barcelona ESP"]
[Date "2014.07.21"]
[Round "9.44"]
[White "Vargas Ramirez, Ana Maria"]
[Black "Fuentes Barrientos, Carlos"]
[Result "1-0"]
[WhiteElo "1796"]
[BlackElo "1915"]
[PlyCount "83"]
[EventDate "2014.07.13"]
[EventType "swiss"]
[EventRounds "9"]
[EventCountry "ESP"]
[Source "lmi"]
[SourceDate "2014.07.13"]

1. e4 c5 2. Nf3 Nc6 3. d4 cxd4 4. Nxd4 g6 5. Nc3 Bg7 6. Be3 Nf6 7. f3 O-O 8.
Qd2 d5 9. O-O-O dxe4 10. fxe4 Ng4 11. Nxc6 Qxd2+ 12. Bxd2 bxc6 13. Re1 a5 14.
h3 Ne5 15. Bg5 Re8 16. Rd1 Be6 17. a3 Kf8 18. Na4 Nc4 19. Bxc4 Bxc4 20. Nb6 Be6
21. Nxa8 Rxa8 22. Bf4 a4 23. Rd2 f5 24. exf5 gxf5 25. Rhd1 Ra5 26. Rd8+ Kf7 27.
Rb8 Rc5 28. Kb1 Bd5 29. Rd2 Be4 30. Rb7 Bf6 31. Bd6 Ra5 32. Bb4 Ra6 33. Rc7 Bd5
34. g4 fxg4 35. hxg4 Ra8 36. Rf2 Kg6 37. Bxe7 Be5 38. Rb7 Re8 39. Rf5 Bd6 40.
Rf6+ Kg7 41. Rxd6 Kg8 42. Rd8 1-0

[Event "16. Obert Int. Sant Martí 2014 Grupo B"]
[Site "Barcelona ESP"]
[Date "2014.07.21"]
[Round "9.45"]
[White "Larios Jimenez, Rafael"]
[Black "Domenche Redondo, Francesc"]
[Result "1/2-1/2"]
[WhiteElo "1791"]
[BlackElo "1906"]
[PlyCount "80"]
[EventDate "2014.07.13"]
[EventType "swiss"]
[EventRounds "9"]
[EventCountry "ESP"]
[Source "lmi"]
[SourceDate "2014.07.13"]

1. f4 d5 2. b3 Nf6 3. Nf3 c5 4. e3 Nc6 5. Bb5 e6 6. Bb2 Be7 7. Bxc6+ bxc6 8.
O-O Ba6 9. d3 Qb6 10. Ne5 Rd8 11. Nc3 c4 12. Qe1 cxb3 13. axb3 Bb4 14. Qg3 O-O
15. Rf3 Be7 16. Qg5 h6 17. Qh4 Qb7 18. Qh3 Kh8 19. Ne2 c5 20. Ng3 d4 21. e4 Bb5
22. Nh5 Bc6 23. Nxf6 Bxf6 24. Ng4 Qe7 25. Nxf6 Qxf6 26. e5 Qe7 27. Rg3 f5 28.
Qh5 Be8 29. Qf3 Bb5 30. Rh3 Rc8 31. Qf2 Qc7 32. Qh4 a6 33. Qh5 Qf7 34. Qxf7
Rxf7 35. c4 dxc3 36. Bxc3 Rd7 37. Rd1 Rcd8 38. Ba5 Rxd3 39. Rhxd3 Rxd3 40. Rxd3
Bxd3 1/2-1/2

[Event "16. Obert Int. Sant Martí 2014 Grupo B"]
[Site "Barcelona ESP"]
[Date "2014.07.21"]
[Round "9.46"]
[White "Febrero Perez, Lluis"]
[Black "Negreira Rodriguez, Daniel"]
[Result "1-0"]
[WhiteElo "1887"]
[BlackElo "1786"]
[PlyCount "91"]
[EventDate "2014.07.13"]
[EventType "swiss"]
[EventRounds "9"]
[EventCountry "ESP"]
[Source "lmi"]
[SourceDate "2014.07.13"]

1. e4 e5 2. Nf3 Nc6 3. d4 exd4 4. Nxd4 Nf6 5. Nc3 Bc5 6. Be3 Bb6 7. Bc4 Ne5 8.
Bb3 Ba5 9. f3 c6 10. Nde2 d5 11. Qd4 Nfd7 12. exd5 Bb6 13. Qe4 O-O 14. dxc6
Nxc6 15. Bxb6 Nxb6 16. O-O Na5 17. Rad1 Qg5 18. Bd5 Bh3 19. Nf4 Bf5 20. Qe5
Rfe8 21. Ne4 Qxg2+ 22. Kxg2 Rxe5 23. Rf2 Nbc4 24. Bxc4 Nxc4 25. Rb1 g5 26. Nd3
Ra5 27. a3 Rb5 28. Nf6+ Kg7 29. Nh5+ Kh6 30. Ng3 Ne3+ 31. Kg1 Bh3 32. Re2 Nc4
33. Re7 Rf8 34. a4 Rd5 35. Rxb7 Nd2 36. Rd1 Nxf3+ 37. Kf2 g4 38. Rxa7 Kg7 39.
c4 Rg5 40. Nf4 Re8 41. Nxh3 Rge5 42. Nf4 Nxh2 43. Ngh5+ Kf8 44. Nf6 g3+ 45. Kg2
R8e7 46. Nd7+ 1-0

[Event "16. Obert Int. Sant Martí 2014 Grupo B"]
[Site "Barcelona ESP"]
[Date "2014.07.21"]
[Round "9.47"]
[White "Bernat Pascual, Magí"]
[Black "Mir Bellmunt, Jose"]
[Result "1-0"]
[WhiteElo "1869"]
[BlackElo "1758"]
[PlyCount "129"]
[EventDate "2014.07.13"]
[EventType "swiss"]
[EventRounds "9"]
[EventCountry "ESP"]
[Source "lmi"]
[SourceDate "2014.07.13"]

1. d4 d5 2. c4 e6 3. Nc3 Nf6 4. Bg5 Be7 5. Nf3 dxc4 6. e3 Nc6 7. Bxc4 O-O 8.
O-O a6 9. Rc1 Na5 10. Be2 Nc6 11. Qd2 Nd5 12. Bxe7 Qxe7 13. a3 Nxc3 14. Rxc3
Rd8 15. Rfc1 Rd6 16. Qc2 f6 17. Qb3 Kh8 18. h3 Qd7 19. Qa4 Ra7 20. Qc2 Qe8 21.
Qe4 Bd7 22. Bd3 f5 23. Qh4 Ra8 24. Ng5 Qg6 25. f4 h6 26. Rf1 Kg8 27. Nf3 Rc8
28. Ne5 Nxe5 29. fxe5 Rc6 30. Rf3 Rxc3 31. bxc3 Bc6 32. Rg3 Qh7 33. Qe7 Re8 34.
Qxc7 g5 35. Qxh7+ Kxh7 36. e4 Bxe4 37. Bxe4 fxe4 38. Kf2 Kg6 39. Re3 Rc8 40. g4
Rc4 41. Rxe4 Rxc3 42. Re3 Rc4 43. Rd3 Rc7 44. Ke3 Rd7 45. Ke4 Rd5 46. Rc3 Rd7
47. Rc5 Kf7 48. d5 exd5+ 49. Rxd5 Rxd5 50. Kxd5 Ke7 51. e6 b5 52. Kc5 Kxe6 53.
Kb6 Ke5 54. Kxa6 Kf4 55. Kxb5 Kg3 56. a4 Kxh3 57. a5 Kxg4 58. a6 h5 59. a7 h4
60. a8=Q Kg3 61. Qh1 h3 62. Qg1+ Kh4 63. Kc4 g4 64. Qf2+ Kg5 65. Kd4 1-0

[Event "16. Obert Int. Sant Martí 2014 Grupo B"]
[Site "Barcelona ESP"]
[Date "2014.07.21"]
[Round "9.48"]
[White "Baum, Jonasz"]
[Black "Martinez Torras, Pol"]
[Result "1-0"]
[WhiteElo "1632"]
[BlackElo "1849"]
[PlyCount "63"]
[EventDate "2014.07.13"]
[EventType "swiss"]
[EventRounds "9"]
[EventCountry "ESP"]
[Source "lmi"]
[SourceDate "2014.07.13"]

1. e4 e5 2. Nc3 Nc6 3. Bc4 Nf6 4. d3 Bc5 5. f4 exf4 6. Bxf4 d6 7. Nf3 Bg4 8.
Qd2 Bxf3 9. gxf3 Nd4 10. O-O-O Nxf3 11. Qg2 Ne5 12. Bxe5 dxe5 13. Qxg7 Rf8 14.
Rhf1 Be3+ 15. Kb1 Bf4 16. Ne2 Qe7 17. Nxf4 exf4 18. Qg5 Nd7 19. Qxe7+ Kxe7 20.
Rxf4 Ne5 21. Bb3 a5 22. a3 a4 23. Ba2 Ra6 24. Rdf1 f6 25. Rh4 Rh8 26. Rg1 Nf3
27. Rg7+ Kf8 28. Rhxh7 Rxh7 29. Rxh7 Ng5 30. Rxc7 Rb6 31. h4 Ne6 32. Bxe6 1-0

[Event "16. Obert Int. Sant Martí 2014 Grupo B"]
[Site "Barcelona ESP"]
[Date "2014.07.21"]
[Round "9.49"]
[White "Zia, Tahsin Tajwar"]
[Black "Molina Mañas, Miquel"]
[Result "1/2-1/2"]
[WhiteElo "1258"]
[BlackElo "1832"]
[PlyCount "64"]
[EventDate "2014.07.13"]
[EventType "swiss"]
[EventRounds "9"]
[EventCountry "ESP"]
[Source "lmi"]
[SourceDate "2014.07.13"]

1. Nf3 Nf6 2. g3 g6 3. Bg2 Bg7 4. O-O O-O 5. d3 c6 6. Nbd2 d5 7. c4 Nbd7 8. Qc2
e5 9. cxd5 cxd5 10. e4 dxe4 11. dxe4 b6 12. Re1 Bb7 13. b3 Rc8 14. Qd1 Re8 15.
Bb2 Qc7 16. Rc1 Qb8 17. Rxc8 Qxc8 18. Bh3 Qa8 19. Qa1 Nc5 20. Bxe5 Nd3 21. Bxf6
Bxf6 22. Qxf6 Nxe1 23. Nxe1 Bxe4 24. Nxe4 Qxe4 25. Nf3 Qb1+ 26. Bf1 Qxa2 27.
Bc4 Qb1+ 28. Kg2 Rf8 29. Ne5 Qe4+ 30. Kg1 Qb1+ 31. Kg2 Qe4+ 32. Kg1 Qb1+
1/2-1/2

[Event "16. Obert Int. Sant Martí 2014 Grupo B"]
[Site "Barcelona ESP"]
[Date "2014.07.21"]
[Round "9.50"]
[White "Vicente Soriano, Josep"]
[Black "Olleta Tanya, Jordi"]
[Result "1-0"]
[WhiteElo "1962"]
[BlackElo "1749"]
[PlyCount "79"]
[EventDate "2014.07.13"]
[EventType "swiss"]
[EventRounds "9"]
[EventCountry "ESP"]
[Source "lmi"]
[SourceDate "2014.07.13"]

1. e4 e5 2. Nc3 Nf6 3. f4 d6 4. d4 exf4 5. Bxf4 Bg4 6. Be2 Bxe2 7. Qxe2 Nc6 8.
O-O-O Qd7 9. h3 O-O-O 10. e5 Qf5 11. Qe3 dxe5 12. dxe5 Rxd1+ 13. Kxd1 Nd7 14.
g4 Bc5 15. gxf5 Bxe3 16. Bxe3 Ndxe5 17. Nge2 Rd8+ 18. Kc1 Nc4 19. Bf4 f6 20. b3
N4e5 21. Rd1 g5 22. fxg6 hxg6 23. Rxd8+ Kxd8 24. Bxe5 Nxe5 25. Nd5 f5 26. Kd2
c6 27. Ndf4 Ke7 28. Ke3 g5 29. Nd3 f4+ 30. Ke4 Nxd3 31. cxd3 Kf6 32. Nxf4 gxf4
33. Kxf4 c5 34. b4 cxb4 35. d4 a5 36. Ke3 a4 37. Kd3 b3 38. axb3 axb3 39. Kc3
b2 40. Kxb2 1-0

[Event "16. Obert Int. Sant Martí 2014 Grupo B"]
[Site "Barcelona ESP"]
[Date "2014.07.21"]
[Round "9.51"]
[White "Brunet Gil, Pol"]
[Black "Izquierdo Pujol, Pol"]
[Result "1/2-1/2"]
[WhiteElo "1880"]
[BlackElo "1721"]
[PlyCount "82"]
[EventDate "2014.07.13"]
[EventType "swiss"]
[EventRounds "9"]
[EventCountry "ESP"]
[Source "lmi"]
[SourceDate "2014.07.13"]

1. e4 c5 2. Nf3 a6 3. c4 Nc6 4. Nc3 e6 5. d3 Bd6 6. Be3 Nge7 7. Be2 O-O 8. O-O
b6 9. Qd2 Bb7 10. Rfd1 f5 11. exf5 Nxf5 12. d4 cxd4 13. Bxd4 Ncxd4 14. Nxd4 Qh4
15. g3 Qxd4 16. Qxd4 Nxd4 17. Rxd4 Bc5 18. Rxd7 Bxf2+ 19. Kf1 Bxg3+ 20. Kg1
Bf2+ 21. Kf1 Bd4+ 22. Ke1 Bxc3+ 23. bxc3 Bf3 24. Bd3 Rad8 25. Rxd8 Rxd8 26. Bc2
Kf7 27. Rb1 Rc8 28. Bb3 Kf6 29. Kf2 Bh5 30. a3 e5 31. Ke3 Bf7 32. Ba2 Bxc4 33.
Rxb6+ Kf5 34. Bb1+ Kg4 35. Bxh7 Bb5 36. Kd2 Rc6 37. Rxc6 Bxc6 38. Ke3 Kh3 39.
Be4 Bb5 40. Bg6 Bc6 41. Be4 Bb5 1/2-1/2

[Event "16. Obert Int. Sant Martí 2014 Grupo B"]
[Site "Barcelona ESP"]
[Date "2014.07.21"]
[Round "9.52"]
[White "Navarro Pastor, Raul"]
[Black "Garcia Hernandez, Jose Luis"]
[Result "1-0"]
[WhiteElo "1868"]
[BlackElo "1700"]
[PlyCount "137"]
[EventDate "2014.07.13"]
[EventType "swiss"]
[EventRounds "9"]
[EventCountry "ESP"]
[Source "lmi"]
[SourceDate "2014.07.13"]

1. e4 e5 2. Nf3 Nc6 3. Bc4 d6 4. d4 Bg4 5. Nc3 Qd7 6. dxe5 dxe5 7. Qxd7+ Bxd7
8. O-O f6 9. Be3 Nb4 10. Rfc1 Bd6 11. a3 Nc6 12. Nb5 Nge7 13. Nxd6+ cxd6 14.
Rd1 Na5 15. Ba2 Nc8 16. b4 Nc6 17. Bd5 Nd8 18. Bb3 Ne6 19. c4 Ke7 20. Rd3 Bc6
21. Nd2 Nf4 22. Bxf4 exf4 23. f3 g5 24. h3 b6 25. Rd1 Rb8 26. Nb1 h5 27. Kf2 h4
28. Nc3 Rd8 29. Ne2 Bd7 30. Ke1 Rb7 31. Kd2 b5 32. Ke1 bxc4 33. Bxc4 Nb6 34.
Ba6 Rc7 35. Rxd6 Nc4 36. Bxc4 Rxc4 37. Ra6 Ra8 38. Rdd6 Rf8 39. Kd2 Bc8 40.
Rac6 Rxc6 41. Rxc6 Rd8+ 42. Kc2 Bd7 43. Rc7 Rc8 44. Rxc8 Bxc8 45. Kc3 Ba6 46.
Ng1 Bf1 47. Kd4 Bxg2 48. Kc5 Bf1 49. b5 Kd7 50. Kb4 Kc7 51. Ka5 Kb7 52. a4 Bd3
53. Kb4 a6 54. Kc5 a5 55. Kd6 Bc2 56. Ne2 Bxe4 57. Nd4 Bd3 58. Ke6 Bf1 59. Kxf6
Bxh3 60. Kxg5 Bf1 61. Kxh4 Kb6 62. Kg4 Kc5 63. Nc6 Bc4 64. Nxa5 Bd5 65. Kxf4
Kb6 66. Nc6 Bb3 67. a5+ Kc5 68. a6 Bd5 69. a7 1-0

[Event "16. Obert Int. Sant Martí 2014 Grupo B"]
[Site "Barcelona ESP"]
[Date "2014.07.21"]
[Round "9.53"]
[White "Romeo Ros, Joaquim"]
[Black "Cassi De La Viuda, Àlex"]
[Result "0-1"]
[WhiteElo "1858"]
[BlackElo "1700"]
[PlyCount "46"]
[EventDate "2014.07.13"]
[EventType "swiss"]
[EventRounds "9"]
[EventCountry "ESP"]
[Source "lmi"]
[SourceDate "2014.07.13"]

1. d4 d5 2. c4 e6 3. Nc3 Nf6 4. Nf3 Nbd7 5. e3 c6 6. Bd3 Bb4 7. O-O h6 8. Qe2
Bxc3 9. bxc3 Ne4 10. Qc2 Ndf6 11. Ba3 Qa5 12. Bb4 Qb6 13. Rab1 Qc7 14. Ne5 c5
15. dxc5 Nxc5 16. cxd5 Nxd3 17. Qa4+ Bd7 18. Nxd7 Qxd7 19. Qxd7+ Nxd7 20. Bd6
b6 21. Rfd1 N3c5 22. c4 Ne4 23. Ba3 Nc3 0-1

[Event "16. Obert Int. Sant Martí 2014 Grupo B"]
[Site "Barcelona ESP"]
[Date "2014.07.21"]
[Round "9.54"]
[White "Palomero Galvez, Antoni"]
[Black "Mas Sayos, Lluis"]
[Result "1-0"]
[WhiteElo "1750"]
[BlackElo "1823"]
[PlyCount "87"]
[EventDate "2014.07.13"]
[EventType "swiss"]
[EventRounds "9"]
[EventCountry "ESP"]
[Source "lmi"]
[SourceDate "2014.07.13"]

1. d4 Nf6 2. c4 g6 3. Nf3 d5 4. cxd5 Nxd5 5. e4 Nb6 6. Be2 Bg7 7. Nc3 Bg4 8.
Be3 Bxf3 9. Bxf3 O-O 10. O-O Nc4 11. Qb3 Nb6 12. Rad1 Nc6 13. e5 Na5 14. Qc2
Nac4 15. Bc1 Na5 16. Rfe1 e6 17. Ne4 Nd5 18. Bd2 Nc6 19. Bg5 f6 20. exf6 Nxf6
21. Qc4 Re8 22. Bxf6 Bxf6 23. Nxf6+ Qxf6 24. Bxc6 bxc6 25. Qxc6 Qf7 26. b3 a5
27. Re3 Rab8 28. Rc1 Re7 29. Rf3 Qg7 30. Rd3 h5 31. Re1 Rb6 32. Qa8+ Kh7 33.
Qxa5 Rc6 34. Qd2 Rd7 35. f4 Rcd6 36. Re4 c5 37. Kf2 Qf6 38. g3 h4 39. Ke3 h3
40. Qc3 Qf5 41. Re5 cxd4+ 42. Rxd4 Qf6 43. Rxd6 Rxd6 44. Qc7+ 1-0

[Event "16. Obert Int. Sant Martí 2014 Grupo B"]
[Site "Barcelona ESP"]
[Date "2014.07.21"]
[Round "9.55"]
[White "Solís Calancha, Jordi"]
[Black "Cervera Lopez, Miguel"]
[Result "0-1"]
[WhiteElo "1810"]
[BlackElo "1700"]
[PlyCount "128"]
[EventDate "2014.07.13"]
[EventType "swiss"]
[EventRounds "9"]
[EventCountry "ESP"]
[Source "lmi"]
[SourceDate "2014.07.13"]

1. d4 d5 2. c4 c6 3. Nc3 Bf5 4. Nf3 Nf6 5. Bg5 Ne4 6. Bf4 e6 7. cxd5 exd5 8.
Qb3 Qb6 9. Nxe4 Bxe4 10. Nd2 Bb4 11. Qe3 O-O 12. a3 Bxd2+ 13. Qxd2 Nd7 14. e3
c5 15. f3 Bg6 16. Be2 cxd4 17. exd4 Rfe8 18. O-O Re7 19. Rac1 Rae8 20. Rfe1 Ne5
21. Bf1 Nc6 22. Rxe7 Rxe7 23. Kh1 h6 24. Be3 a6 25. Bd3 Bxd3 26. Qxd3 Qxb2 27.
Qc3 Qxc3 28. Rxc3 Kh7 29. Kg1 g5 30. Kf2 Kg6 31. Rc5 Rd7 32. Ke2 f5 33. g3 Rd6
34. f4 g4 35. Kd3 b6 36. Rc2 h5 37. Bd2 a5 38. Rb2 Ne7 39. Bc3 Nc6 40. Re2 Kf7
41. h3 Rh6 42. Rh2 gxh3 43. Rxh3 Nd8 44. Rh2 Nc6 45. Re2 h4 46. Rh2 h3 47. Ke3
b5 48. Kf3 b4 49. axb4 axb4 50. Bb2 Kf6 51. g4 fxg4+ 52. Kxg4 Ne7 53. Bc1 Nf5
54. Bb2 Ne3+ 55. Kf3 Nf1 56. Rh1 h2 57. Kg2 Ne3+ 58. Kg3 Kf5 59. Bc1 Nc2 60.
Bb2 Ne1 61. Ba1 Rg6+ 62. Kf2 Rg2+ 63. Kf1 Kxf4 64. Bb2 Rxb2 0-1

[Event "16. Obert Int. Sant Martí 2014 Grupo B"]
[Site "Barcelona ESP"]
[Date "2014.07.21"]
[Round "9.56"]
[White "Bienvenido Kleque, Jose"]
[Black "Ylla Soro, Rafael"]
[Result "1/2-1/2"]
[WhiteElo "1737"]
[BlackElo "1799"]
[PlyCount "79"]
[EventDate "2014.07.13"]
[EventType "swiss"]
[EventRounds "9"]
[EventCountry "ESP"]
[Source "lmi"]
[SourceDate "2014.07.13"]

1. d4 f5 2. c4 Nf6 3. Nc3 e6 4. Nf3 Be7 5. e3 O-O 6. Be2 b6 7. O-O Bb7 8. Re1
d5 9. cxd5 exd5 10. Qc2 Ne4 11. Nxe4 fxe4 12. Ne5 Qd6 13. b3 Nd7 14. Nxd7 Qxd7
15. Bb2 Rac8 16. Qd2 Qf5 17. Rf1 Bd6 18. f4 c5 19. Rac1 Rc7 20. Rc2 Qe6 21.
Rcc1 c4 22. bxc4 dxc4 23. Rc2 b5 24. Rfc1 a6 25. Bc3 Rcf7 26. Bb4 Bxb4 27. Qxb4
Qb6 28. Bxc4 Qd8 29. Bxf7+ Rxf7 30. Qc5 Rd7 31. Qb4 h6 32. Qb3+ Kh7 33. Rc3 Bd5
34. Qc2 Qe7 35. a3 Bc4 36. Qb2 Rc7 37. g3 Kg6 38. Kg2 Kf5 39. h3 Ke6 40. Qc2
1/2-1/2

[Event "16. Obert Int. Sant Martí 2014 Grupo B"]
[Site "Barcelona ESP"]
[Date "2014.07.21"]
[Round "9.57"]
[White "Cassi Gimeno, Jordi"]
[Black "Sarrio Vendrell, Nerea"]
[Result "1-0"]
[WhiteElo "1700"]
[BlackElo "1792"]
[PlyCount "69"]
[EventDate "2014.07.13"]
[EventType "swiss"]
[EventRounds "9"]
[EventCountry "ESP"]
[Source "lmi"]
[SourceDate "2014.07.13"]

1. e4 e5 2. Nf3 Nc6 3. Bc4 Bc5 4. b4 Bxb4 5. c3 Bc5 6. d4 exd4 7. O-O dxc3 8.
Qb3 c2 9. Bxf7+ Kf8 10. Bxg8 Rxg8 11. Qxc2 Be7 12. Nc3 d6 13. h3 Be6 14. Re1
Kf7 15. e5 h6 16. Qe4 Rf8 17. Nd5 dxe5 18. Nxe7 Qxe7 19. Nxe5+ Nxe5 20. Qxe5
Rfe8 21. Bb2 Kf8 22. Re3 Bc8 23. Ba3 Be6 24. Bxe7+ Rxe7 25. Qc5 Kf7 26. Rf3+
Ke8 27. Re1 Rd8 28. Rfe3 Rd6 29. Qxa7 b6 30. Qa4+ Kf7 31. Rf3+ Kg8 32. Qa8+ Kh7
33. Rf8 Kg6 34. Qe4+ Bf5 35. Qxf5# 1-0

[Event "16. Obert Int. Sant Martí 2014 Grupo B"]
[Site "Barcelona ESP"]
[Date "2014.07.21"]
[Round "9.59"]
[White "Kazmierczak, Ewa"]
[Black "Garcia Extremera, Manuel"]
[Result "1/2-1/2"]
[WhiteElo "1563"]
[BlackElo "1759"]
[PlyCount "83"]
[EventDate "2014.07.13"]
[EventType "swiss"]
[EventRounds "9"]
[EventCountry "ESP"]
[Source "lmi"]
[SourceDate "2014.07.13"]

1. e4 c5 2. Nf3 d6 3. d4 cxd4 4. Nxd4 Nf6 5. f3 Nc6 6. c4 e6 7. Be2 Bd7 8. Nc3
Nxd4 9. Qxd4 Bc6 10. Be3 e5 11. Qd2 Be7 12. O-O O-O 13. Rac1 Rc8 14. Rfd1 a6
15. Nd5 Nxd5 16. cxd5 Bd7 17. Rxc8 Bxc8 18. Rc1 f5 19. Qc3 f4 20. Bf2 Bd7 21.
Qc7 Qc8 22. Rc3 Re8 23. Qa5 Qa8 24. Qc7 Bb5 25. Bxb5 axb5 26. Qd7 Kf8 27. Qxb5
Rc8 28. Rxc8+ Qxc8 29. b3 Qc1+ 30. Qf1 Qc2 31. Qa1 Bd8 32. h3 Ba5 33. Be1 Bb6+
34. Kh2 Bd4 35. Bc3 Bxc3 36. Qf1 Qd2 37. Qc4 g5 38. Qc8+ Kg7 39. Qd7+ Kf8 40.
Qd8+ Kf7 41. Qd7+ Kf8 42. Qd8+ 1/2-1/2

[Event "16. Obert Int. Sant Martí 2014 Grupo B"]
[Site "Barcelona ESP"]
[Date "2014.07.21"]
[Round "9.61"]
[White "Ramon Herraez, Alex"]
[Black "Ferrer Ache, Jesus"]
[Result "1-0"]
[WhiteElo "1832"]
[BlackElo "1728"]
[PlyCount "107"]
[EventDate "2014.07.13"]
[EventType "swiss"]
[EventRounds "9"]
[EventCountry "ESP"]
[Source "lmi"]
[SourceDate "2014.07.13"]

1. d4 d5 2. Bf4 Nf6 3. Nf3 e6 4. e3 Bd6 5. Bxd6 Qxd6 6. c3 a6 7. Be2 O-O 8. O-O
b5 9. Nbd2 Bb7 10. Ne5 Nfd7 11. Ndf3 f6 12. Nxd7 Nxd7 13. Qc2 f5 14. Rad1 Nf6
15. Ne5 c5 16. Rd2 c4 17. b3 Ne4 18. Rdd1 Qc7 19. bxc4 bxc4 20. Rb1 Rfd8 21.
Qb2 Rab8 22. Rfd1 Bc6 23. Qa3 Bb5 24. Rdc1 Be8 25. Qxa6 Rxb1 26. Qxe6+ Kh8 27.
Rxb1 Nxc3 28. Re1 Rb8 29. h3 Nxa2 30. Qxd5 Rd8 31. Qxc4 Qxc4 32. Bxc4 Nc3 33.
Nf7+ Bxf7 34. Bxf7 Ne4 35. Rd1 g6 36. Rc1 Kg7 37. Rc7 Kh6 38. f3 Nd6 39. Be6
Ne8 40. Rc8 Rxc8 41. Bxc8 Nd6 42. Be6 Kg5 43. Kf2 h5 44. g4 f4 45. gxh5 gxh5
46. e4 h4 47. e5 Nf5 48. Bxf5 Kxf5 49. Ke2 Ke6 50. Kd3 Kd5 51. Kc3 Ke6 52. Kc4
Kf5 53. Kc5 Ke6 54. Kc6 1-0

[Event "16. Obert Int. Sant Martí 2014 Grupo B"]
[Site "Barcelona ESP"]
[Date "2014.07.21"]
[Round "9.62"]
[White "Herrera Vargas, Carlo Esteban"]
[Black "Julian Solera, Laura"]
[Result "1-0"]
[WhiteElo "1748"]
[BlackElo "1781"]
[PlyCount "83"]
[EventDate "2014.07.13"]
[EventType "swiss"]
[EventRounds "9"]
[EventCountry "ESP"]
[Source "lmi"]
[SourceDate "2014.07.13"]

1. e4 d5 2. exd5 Qxd5 3. d4 Nc6 4. c3 e5 5. Be3 Nf6 6. Nd2 Be7 7. Nb3 Bf5 8.
Nf3 O-O 9. Be2 a6 10. O-O Rad8 11. dxe5 Qe6 12. Nbd4 Nxd4 13. cxd4 Ne8 14. Qb3
Qxb3 15. axb3 f6 16. h3 fxe5 17. Nxe5 Nd6 18. Bg4 Bxg4 19. Nxg4 Nb5 20. Rac1 c6
21. Rfd1 Rf5 22. Rd2 Nd6 23. f3 Rb5 24. Rc3 Nf5 25. Rcd3 Nxe3 26. Nxe3 Bg5 27.
Kf2 Ra5 28. Nc4 Bxd2 29. Rxd2 Rad5 30. Ke3 Re8+ 31. Kf2 b5 32. Ne3 Rd7 33. b4
Red8 34. Nc2 Kf7 35. Ke3 Kf6 36. g4 Kg5 37. f4+ Kh4 38. Rh2 Kg3 39. Rh1 Kg2 40.
Rd1 Kxh3 41. Kf3 Kh4 42. Rh1# 1-0